| 000 | 01225nam1a2200265 i 4500 | ||
|---|---|---|---|
| 001 | RU\NLR\BIBL_A\010750915 | ||
| 005 | 20260405161905.0 | ||
| 035 | _a(NLR Aleph) 010750915 | ||
| 090 |
_a9940671 _c9940671 |
||
| 100 | _a20150507d2015 km y0rusy50 ca | ||
| 101 | 0 | _arus | |
| 102 | _aRU | ||
| 105 | _a |||z|||||||| | ||
| 200 | 1 |
_aРайоны, штаты и города США _eхрестоматия _eв 3-х частях _eк 80-летию Л.В. Смирнягина _f[сост.: Т.А. Ачкасова и др.] _gотв. ред.: С.А. Тархов |
|
| 210 |
_aМосква _c[б. и.] _d2015 |
||
| 215 | _d20 | ||
| 300 | _aРез. на англ. яз. | ||
| 606 | 1 |
_aЭкономическое районирование _yСоединенные Штаты Америки _92231385 _3RU\NLR\AUTH\6601571725 |
|
| 686 | 1 | _aУ04(7США)8 | |
| 702 | 1 |
_aАчкасова _bТ. А. _gТатьяна Анатольевна _4220 |
|
| 702 | 1 |
_4340 _7ca _8rus _aТархов _bС. А. _f1953- _gСергей Анатольевич _951215 _3RU\NLR\AUTH\7768287 |
|
| 702 | 1 |
_aСмирнягин _bЛ. В. _f1935- _gЛеонид Викторович _4570 |
|
| 942 | _cBOOK | ||